<?xml version="1.0" encoding="UTF-8"?>
<collection xmlns="http://www.loc.gov/MARC21/slim">
<record>
  <controlfield tag="001">150740</controlfield>
  <controlfield tag="005">20260203074106.0</controlfield>
  <datafield tag="024" ind1="7" ind2=" ">
    <subfield code="2">doi</subfield>
    <subfield code="a">10.1002/jcop.23183</subfield>
  </datafield>
  <datafield tag="024" ind1="8" ind2=" ">
    <subfield code="2">sideral</subfield>
    <subfield code="a">142797</subfield>
  </datafield>
  <datafield tag="037" ind1=" " ind2=" ">
    <subfield code="a">ART-2025-142797</subfield>
  </datafield>
  <datafield tag="041" ind1=" " ind2=" ">
    <subfield code="a">eng</subfield>
  </datafield>
  <datafield tag="100" ind1=" " ind2=" ">
    <subfield code="a">Gaeta González, Martha Leticia</subfield>
  </datafield>
  <datafield tag="245" ind1=" " ind2=" ">
    <subfield code="a">FoMO and socio-emotional e-competencies as predictors of media multitasking, phubbing and cybergossip in university students: transnational differences between Mexico and Spain by gender</subfield>
  </datafield>
  <datafield tag="260" ind1=" " ind2=" ">
    <subfield code="c">2025</subfield>
  </datafield>
  <datafield tag="506" ind1="0" ind2=" ">
    <subfield code="a">Access copy available to the general public</subfield>
    <subfield code="f">Unrestricted</subfield>
  </datafield>
  <datafield tag="520" ind1="3" ind2=" ">
    <subfield code="a">There are clear signs of the growing use of the internet across all cultures, which generate new behaviors in the virtual environment such as media multitasking, phubbing, and cybergossip, all associated with online risks and less positive modes of socialization. FoMO (Fear of Missing Out) along with virtual emotional experiences could be relevant predictors, where literature suggests that FoMO is a trigger for problematic social media use, and socio‐emotional e‐competencies facilitate adaptive behaviors in virtual environments. Hence, understanding which variables predict these phenomena is crucial and whether they can be generalized across different countries. The objective of this study is to analyze whether two dimensions of socio‐personal development used to interact in virtual environments, FoMO (Fear of Missing Out) and socio‐emotional e‐competencies (e‐COM), are predictors of different cyberbehaviors (cybergossip, phubbing and media multitasking) in university students from two different countries. It also aims to verify if socio‐emotional e‐competencies act as a moderator of this relationship. In order to achieve this, we used a sample of 1524 university students from Mexico and Spain (19.74 years old). The results of the path analysis models show that FoMO is the strongest predictor of the three online behaviors regardless of country and gender, especially in the case of phubbing. In addition, socio‐emotional e‐competencies help to explain the behaviors in a differential way for each country, and the dimension of e‐self‐control of impulsivity plays a moderating role in FoMO in the case of phubbing and media multitasking. Some differences between countries and genders are discussed.</subfield>
  </datafield>
  <datafield tag="536" ind1=" " ind2=" ">
    <subfield code="9">info:eu-repo/grantAgreement/ES/DGA/S57-23R</subfield>
  </datafield>
  <datafield tag="540" ind1=" " ind2=" ">
    <subfield code="9">info:eu-repo/semantics/openAccess</subfield>
    <subfield code="a">by-nc-nd</subfield>
    <subfield code="u">https://creativecommons.org/licenses/by-nc-nd/4.0/deed.es</subfield>
  </datafield>
  <datafield tag="655" ind1=" " ind2="4">
    <subfield code="a">info:eu-repo/semantics/article</subfield>
    <subfield code="v">info:eu-repo/semantics/acceptedVersion</subfield>
  </datafield>
  <datafield tag="700" ind1=" " ind2=" ">
    <subfield code="0">(orcid)0000-0001-6492-2248</subfield>
    <subfield code="a">Orejudo Hernández, Santos</subfield>
    <subfield code="u">Universidad de Zaragoza</subfield>
  </datafield>
  <datafield tag="700" ind1=" " ind2=" ">
    <subfield code="0">(orcid)0000-0003-2515-9029</subfield>
    <subfield code="a">Cebollero-Salinas, Ana</subfield>
    <subfield code="u">Universidad de Zaragoza</subfield>
  </datafield>
  <datafield tag="710" ind1="2" ind2=" ">
    <subfield code="1">4001</subfield>
    <subfield code="2">215</subfield>
    <subfield code="a">Universidad de Zaragoza</subfield>
    <subfield code="b">Dpto. Ciencias de la Educación</subfield>
    <subfield code="c">Área Didáctica y Organiz. Esc.</subfield>
  </datafield>
  <datafield tag="710" ind1="2" ind2=" ">
    <subfield code="1">4009</subfield>
    <subfield code="2">735</subfield>
    <subfield code="a">Universidad de Zaragoza</subfield>
    <subfield code="b">Dpto. Psicología y Sociología</subfield>
    <subfield code="c">Área Psicolog.Evolut.Educac</subfield>
  </datafield>
  <datafield tag="773" ind1=" " ind2=" ">
    <subfield code="g">53, 2 (2025), e23183 [17 pp.]</subfield>
    <subfield code="p">J. commun. psychol.</subfield>
    <subfield code="t">Journal of Community Psychology</subfield>
    <subfield code="x">0090-4392</subfield>
  </datafield>
  <datafield tag="856" ind1="4" ind2=" ">
    <subfield code="s">789906</subfield>
    <subfield code="u">http://zaguan.unizar.es/record/150740/files/texto_completo.pdf</subfield>
    <subfield code="y">Postprint</subfield>
    <subfield code="z">info:eu-repo/date/embargoEnd/2026-02-02</subfield>
  </datafield>
  <datafield tag="856" ind1="4" ind2=" ">
    <subfield code="s">1977423</subfield>
    <subfield code="u">http://zaguan.unizar.es/record/150740/files/texto_completo.jpg?subformat=icon</subfield>
    <subfield code="x">icon</subfield>
    <subfield code="y">Postprint</subfield>
    <subfield code="z">info:eu-repo/date/embargoEnd/2026-02-02</subfield>
  </datafield>
  <datafield tag="909" ind1="C" ind2="O">
    <subfield code="o">oai:zaguan.unizar.es:150740</subfield>
    <subfield code="p">articulos</subfield>
    <subfield code="p">driver</subfield>
  </datafield>
  <datafield tag="951" ind1=" " ind2=" ">
    <subfield code="a">2026-02-02-14:49:04</subfield>
  </datafield>
  <datafield tag="980" ind1=" " ind2=" ">
    <subfield code="a">ARTICLE</subfield>
  </datafield>
</record>
</collection>